00638 2200229 4500001002100000005001500021035002000036007000300056008004100059020001800100082001100118084001800129100001400147245008100161260004500242300002900287650001500316700002300331520003000354990001200384990001200396INLIS00000000000195020180516030641 a0010-0518000020ta180516 g 0 ind  a9786023754182 a646.72 a646.72 KAR o0 aKARA, Kim1 a101 ++ Hollywood Stars Beauty Secrets /cKara Kim; editor, Anjelita Noverina aJakarta :bGramedia Pustaka Utama,c2016 a134 hlm :bilus ;c23 cm aKECANTIKAN0 aANJELITA, Noverina abibliografi: hlm. 128-134 a16790 a a16790 b